| 000 | 00692nam a2200241Ia 4500 | ||
|---|---|---|---|
| 005 | 20260430150047.0 | ||
| 008 | 008 250103s9999 xx 000 0 eng d | ||
| 037 | _aTheses | ||
| 040 | _aCRL | ||
| 040 | _beng | ||
| 040 | _ceng | ||
| 041 | _2eng | ||
| 041 | _aeng | ||
| 084 | _qCRL | ||
| 100 |
_aGupta Prachi Au.; Nagpal Sumit Gu.; Ravichandran V. Gu. _91236337 |
||
| 245 | 0 | _aRadius constants and differential subordination for certain subclasses of analytic functions | |
| 260 | _c2021 | ||
| 300 | _a176p. | ||
| 650 | _aMathematics | ||
| 700 | _aUniversity of Delhi. Faculty of Mathematical Sciences. Department of Mathematics | ||
| 942 | _cTH | ||
| 999 |
_c1848849 _d1848849 |
||